000 00448 a2200133 4500
001 ART_12724
005 20260410161909.0
008 260409a
245 1 0 _aA synthesis of Monetarian and Keynesian approaches to Short-run-balance-of-payments theory
100 1 _aFrenkel, Jacob
700 1 _aGylfason, Thorvaldur
700 1 _aHelliwell, John F.
773 0 _tThe Economic Journal
_g- Vol. 90, NÂș 359 (set. 1980)
_wREV12512
999 _c26617
_d26617